[Event "It C"]
[Site "Paretana ESP"]
[Date "1999.12.28"]
[Round "2"]
[White "Pinazo Donoso,J"]
[Black "Vilar Lopez,M"]
[Result "1/2-1/2"]
[WhiteElo "2112"]
[BlackElo "2158"]

1.d4 Nf6 2.c4 e6 3.Nc3 Bb4 4.Qc2 O-O 5.a3 Bxc3+ 6.Qxc3 b6 7.Nf3 Bb7 8.g3 a5
9.b3 d6 10.Bg2 Nbd7 11.O-O Qc8 12.Bb2 Ne4 13.Qc2 f5 14.h4 Ndf6 15.Ng5 Nxg5
16.hxg5 Ne4 17.Bxe4 Bxe4 18.Qd2 Qe8 19.d5 f4 20.Qd4 Qg6 21.dxe6 f3 22.Rfe1 Rae8
23.exf3 Bxf3 24.e7 Rf7 25.Re3 Qxg5 26.Rae1 Bb7 27.Qh4 Qf5 28.f4 Qg6 29.Kf2 Rf5
30.Re6 Qf7 31.Qg4 Rh5 32.Rf6 Rh2+ 33.Kf1 Rh1+ 34.Kf2 Rh2+ 35.Kf1 Rh1+ 36.Kf2 Rh2+
37.Kf1 Rh1+  1/2-1/2

[Event "8th Danube Open"]
[Site "Aschach AUT"]
[Date "1999.12.29"]
[Round "6"]
[White "Kilgus,G"]
[Black "Knoll,H"]
[Result "1/2-1/2"]
[WhiteElo "2218"]
[BlackElo "2318"]

1.d4 Nf6 2.c4 e6 3.Nc3 Bb4 4.Qc2 O-O 5.a3 Bxc3+ 6.Qxc3 b6 7.Bg5 Bb7 8.f3 h6
9.Bh4 c5 10.dxc5 bxc5 11.e3 a5 12.b3 d6 13.Be2 Nbd7 14.Nh3 Qb6 15.O-O Ba6
16.Rab1 Rfc8 17.e4 d5 18.e5 Ne8 19.Bd3 Qc7 20.Bg3 Nb6 21.Nf4 Rd8 22.cxd5 Nxd5
23.Nxd5 Rxd5 24.Be4 Bxf1 25.Bxd5 exd5 26.Rxf1 a4 27.b4 cxb4 28.Qxb4 Qc4 29.Qxc4 dxc4
30.Rc1 Rc8 31.Kf2 Rc6 32.Ke3 Nc7 33.Be1 Nb5 34.Bb4 Kh7 35.f4 c3 36.f5 g6
37.g4 h5 38.h3 Kh6 39.e6 fxe6 40.f6 Nd6 41.Bxd6 Rxd6 42.Rxc3 hxg4 43.hxg4 e5
44.Rc4 Rxf6 45.Rxa4 Kg5 46.Re4 Ra6 47.a4 Kf6 48.Rb4 Ke6 49.Ke4 Kd6 50.a5 Rxa5
51.Rb6+ Ke7 52.Rxg6 Kf7 53.Rb6 Kg7 54.g5 Rc5 55.g6 Ra5 56.Kf5  1/2-1/2

[Event "It A"]
[Site "Paretana ESP"]
[Date "1999.12.30"]
[Round "4"]
[White "Vidarte Morales,A"]
[Black "Vehi Bach,V"]
[Result "1/2-1/2"]
[WhiteElo "2424"]
[BlackElo "2389"]

1.d4 Nf6 2.c4 e6 3.Nc3 Bb4 4.Qc2 O-O 5.a3 Bxc3+ 6.Qxc3 d6 7.Nf3 Re8 8.Bg5 Nbd7
9.e3 b6 10.Nd2 c5 11.f3 h6 12.Bh4 Ba6 13.dxc5 bxc5 14.O-O-O Qb6 15.Qb3 Qa5
16.Nb1 d5 17.Be1 Qb6 18.Qxb6 Nxb6 19.cxd5 Bxf1 20.Rxf1 exd5 21.Bf2 Nc4 22.Rfe1 Rab8
23.Re2 Rb3 24.Rc2 Reb8 25.Nd2 Nxb2 26.Nxb3 Nxd1 27.Nxc5 Nxf2 28.Rxf2 Kf8
29.Rb2 Rc8 30.Rc2 Ke7 31.Nb3 Rxc2+ 32.Kxc2 Nd7 33.Kc3 g6 34.Kd4 Kd6 35.Na5 Nb6
36.h4 f6 37.g4 Nc8 38.Nb7+ Kc7 39.Na5 Kd6 40.Nb7+ Kc7 41.Nc5 Kd6 42.Nb7+  1/2-1/2

[Event "Regionalliga NW9899"]
[Site "Bayern"]
[Date "1999.??.??"]
[Round "?"]
[White "Lorke, Christian"]
[Black "Zschunke, Werner"]
[Result "1-0"]
[WhiteElo "1780"]
[BlackElo "2030"]

1.d4 Nf6 2.c4 e6 3.Nc3 Bb4 4.Qc2 O-O 5.Bg5 h6 6.Bh4 d5 7.cxd5 exd5 8.e3 Nbd7
9.Bd3 c6 10.Ne2 Re8 11.O-O Bd6 12.Rab1 Bxh2+ 13.Kxh2 Ng4+ 14.Kh3 Ndf6 15.Bf5 Rxe3+
16.fxe3 Nxe3 17.Qd3 Nxf5 18.Rxf5 g5 19.Bg3 Ne4 20.Rf1 Qf6 21.Kh2 Bxf5 22.Nxe4 dxe4
23.Qxe4 Bxe4 24.Rxf6 Kg7 25.Be5 Re8 26.Re6+ Kf8 27.Bg7+  1-0

[Event "JUG-ch"]
[Site "Belgrade"]
[Date "1999.??.??"]
[Round "2"]
[White "Drasko, Milan"]
[Black "Maksimovic, Branimir"]
[Result "1-0"]
[WhiteElo "2505"]
[BlackElo "2388"]

1.d4 Nf6 2.c4 e6 3.Nc3 Bb4 4.Qc2 O-O 5.a3 Bxc3+ 6.Qxc3 Ne4 7.Qc2 f5 8.Nf3 b6
9.g3 Bb7 10.Bg2 Nf6 11.O-O Be4 12.Qc3 a5 13.b3 Nc6 14.Rd1 a4 15.b4 Ne7 16.Bg5 c6
17.Bf1 Bxf3 18.exf3 Ng6 19.Rac1 h6 20.Bxf6 Qxf6 21.d5 e5 22.dxc6 dxc6 23.c5 bxc5
24.Qxc5 Qg5 25.Qxc6 Kh7 26.Bg2 Rfd8 27.b5 Qe7 28.Bh3 Rf8 29.Bxf5 Rxf5 30.Qxa8 Qg5
31.Kh1 e4 32.Qxe4 Re5 33.f4 Qg4 34.f3  1-0

[Event "JUG-ch"]
[Site "Belgrade"]
[Date "1999.??.??"]
[Round "4"]
[White "Drasko, Milan"]
[Black "Tosic, Miroslav"]
[Result "0-1"]
[WhiteElo "2505"]
[BlackElo "2517"]

1.d4 Nf6 2.c4 e6 3.Nc3 Bb4 4.Qc2 O-O 5.a3 Bxc3+ 6.Qxc3 b6 7.Bg5 Bb7 8.Nf3 d6
9.Nd2 Nbd7 10.f3 h6 11.Bh4 Rc8 12.e3 c5 13.dxc5 Rxc5 14.b4 Rc8 15.Qb2 Ne5
16.Be2 Ng6 17.Bf2 e5 18.O-O Qe7 19.Rfe1 e4 20.f4 d5 21.Rac1 d4 22.Qxd4 Rfd8
23.Qc3 Nd5 24.Qb3 Ndxf4 25.exf4 Rxd2 26.Be3 Rdd8 27.c5 Qf6 28.Qc3 Qh4 29.Rf1 Ne7
30.f5 Nd5 31.Qb3 Nxe3 32.Qxe3 Qf6 33.g4 bxc5 34.Rxc5 Rxc5 35.bxc5 Bc6 36.Rb1 Qe5
37.Kg2 Rd3 38.Bxd3 exd3+ 39.Kf2 Qxh2+ 40.Kf1 Qg2+  0-1

[Event "JUG-ch"]
[Site "Belgrade"]
[Date "1999.??.??"]
[Round "7"]
[White "Ivanisevic, Ivan"]
[Black "Barlov, Dragan"]
[Result "1-0"]
[WhiteElo "2457"]
[BlackElo "2471"]

1.d4 Nf6 2.c4 e6 3.Nc3 Bb4 4.Qc2 O-O 5.e4 d6 6.a3 Bxc3+ 7.bxc3 e5 8.Bd3 c5
9.Ne2 Nc6 10.O-O exd4 11.cxd4 cxd4 12.Bg5 h6 13.Bh4 Ne5 14.Nxd4 Ng6 15.Bg3 Nh5
16.Rad1 a6 17.Rfe1 Nxg3 18.hxg3 Bd7 19.Qb2 Qf6 20.Bf1 Rab8 21.Rd2 Ne5 22.Qb4 Rfd8
23.Ne2 a5 24.Qc3 Rdc8 25.Nf4 b5 26.Nd5 Qd8 27.Ne3 Be6 28.Red1 Nxc4 29.Bxc4 bxc4
30.Rxd6 Qe7 31.Qe5 Qg5 32.Qxg5 hxg5 33.Rc1 Rb3 34.a4 Ra3 35.Nd1 Rxa4 36.Nc3 Ra3
37.f4 gxf4 38.gxf4 g6 39.Nb5 Re3 40.Rd4 c3 41.Kf2 Rb8 42.Nd6 c2 43.Kxe3 Bb3  1-0

[Event "DEN-chT 9899"]
[Site "Denmark"]
[Date "1999.??.??"]
[Round "7"]
[White "Pedersen, Steffen"]
[Black "Ochsner, Thomas"]
[Result "1-0"]
[WhiteElo "2418"]
[BlackElo "2355"]

1.d4 Nf6 2.c4 e6 3.Nc3 Bb4 4.Qc2 O-O 5.a3 Bxc3+ 6.Qxc3 b6 7.Bg5 Ba6 8.Nf3 d6
9.e3 Nbd7 10.Nd2 c5 11.dxc5 bxc5 12.Bd3 h6 13.Bh4 Ne5 14.Be2 Bb7 15.O-O a5
16.Rad1 a4 17.Qc2 Qe7 18.Nb1 Rfd8 19.Nc3 Bc6 20.Rd2 Ng6 21.Bg3 Qb7 22.f3 d5
23.Rfd1 Rd7 24.Bd3 Ne7 25.Bh4 dxc4 26.Bxc4 Rxd2 27.Rxd2 Nf5 28.Bf2 Qb6 29.Qd1 g6
30.g4 Ne7 31.e4 g5 32.h4 Ng6 33.hxg5 hxg5 34.Be3 Nh7 35.Qe1 Qc7 36.Qf2 Rd8
37.Rxd8+ Qxd8 38.Bxc5 Nf4 39.Bf1 Nf8 40.Qd4 Qb8 41.Qd6 Qc8 42.Kf2 N8g6 43.Bb6 Kg7
44.Qc7 Qxc7 45.Bxc7 Kf6 46.Bd8+ Ke5 47.Ke3 f5 48.Bxg5 fxe4 49.fxe4 Bd7 50.Nb1  1-0

[Event "Cataluna-chT"]
[Site "ESP"]
[Date "1999.??.??"]
[Round "3"]
[White "Arnau Moliner, S."]
[Black "Gomez Jurado, Luis Alberto"]
[Result "1-0"]
[WhiteElo "2260"]
[BlackElo "2375"]

1.d4 Nf6 2.c4 e6 3.Nc3 Bb4 4.Qc2 O-O 5.a3 Bxc3+ 6.Qxc3 a5 7.Bg5 h6 8.Bh4 d6
9.e3 g5 10.Bg3 Ne4 11.Qc2 f5 12.Bd3 Nxg3 13.hxg3 Qf6 14.Ne2 Nc6 15.O-O-O Bd7
16.g4 fxg4 17.Ng3 Be8 18.Rh2 Kg7 19.Rdh1 Rh8 20.Qe2 Bf7 21.Ne4 Qe7 22.Qxg4 Bg6
23.f4 d5 24.Nxg5 Bxd3 25.Nxe6+ Kf7 26.cxd5 Qf6 27.Nc5 Bf5 28.Qh5+ Bg6 29.Qf3 Ne7
30.g4 Kg8 31.Rxh6 Rxh6 32.Rxh6 Qg7 33.Qh3 Bf7 34.Ne4 Nxd5 35.f5 Ra6 36.Rxa6 bxa6
37.g5 Nb6 38.Qh4 Nd5 39.g6 Be8 40.Qd8 Qd7 41.Qh4 a4 42.Nc5 Qe7 43.Qxe7 Nxe7
44.e4 Bb5 45.Kd2 Bc6 46.Ke3 Bb5 47.Kf4 Bc4 48.d5 Bb5 49.Kg5 Be8 50.Ne6 Bd7
51.f6  1-0

[Event "Cataluna-chT"]
[Site "ESP"]
[Date "1999.??.??"]
[Round "7"]
[White "Arnau Moliner, S."]
[Black "Vehi Bach, Victor Manuel"]
[Result "0-1"]
[WhiteElo "2260"]
[BlackElo "2430"]

1.d4 Nf6 2.c4 e6 3.Nc3 Bb4 4.Qc2 O-O 5.a3 Bxc3+ 6.Qxc3 d6 7.Bg5 Nbd7 8.e3 b6
9.Bd3 h6 10.Bh4 c5 11.Ne2 Ba6 12.O-O Rc8 13.b3 cxd4 14.Qxd4 Nc5 15.Bc2 d5
16.b4 Ncd7 17.Qd2 Bxc4 18.Rfd1 Ne4 19.Bxe4 Qxh4 20.Bf3 Ne5 21.Nd4 Rc7 22.Rac1 Rfc8
23.Rc3 Qe7 24.Rdc1 Bd3 25.Bd1 Bg6 26.Be2 Nc4 27.Qa2 Nd6 28.Qb2 Qd7 29.Ba6 Rxc3
30.Rxc3 Rxc3 31.Qxc3 Qa4 32.Be2 b5 33.Qc5 Qxa3 34.h4 Nc4 35.h5 Bd3 36.Bf3 Nd2
37.Nxb5 Qa1+ 38.Kh2 Qe5+ 39.Kg1 Nxf3+ 40.gxf3 Qg5+ 41.Kh2 Bf1  0-1

[Event "Oberliga Ost A9899"]
[Site "GER"]
[Date "1999.??.??"]
[Round "?"]
[White "Kirschbaum, Gunnar"]
[Black "Andresen, Steffen"]
[Result "1/2-1/2"]
[WhiteElo "2195"]
[BlackElo "2295"]

1.d4 Nf6 2.c4 e6 3.Nc3 Bb4 4.Qc2 O-O 5.e4 c5 6.e5 cxd4 7.exf6 dxc3 8.bxc3 Qxf6
9.Bd2 Nc6 10.Bd3 h6 11.Ne2 Bc5 12.O-O Ne5 13.Ng3 d5 14.Be2 Nxc4 15.Bxc4 dxc4
16.Ne4 Qg6 17.Kh1 Bd7 18.Rae1 Bc6 19.f3 Rad8 20.Qc1 Ba3 21.Qxa3 Bxe4 22.Be3 Bd3
23.Rf2 a6 24.Qe7 b5 25.a4 bxa4 26.Qa3 Bc2 27.Qc1 Bb3 28.Bd4 Rd5 29.f4 Rfd8
30.Rf3 Rxd4 31.cxd4 Rxd4 32.f5 exf5 33.Qc3 Qd6 34.Rxf5 Rd1 35.Rff1 Rxe1 36.Qxe1 Qe6
37.Qb4 a3 38.Re1 Qd5 39.Qxa3 c3 40.Qxa6 c2 41.Qc8+ Kh7 42.Qc3 Qd1 43.Kg1 f5
44.Kf2 Bd5 45.h3 Be4 46.Qe3 Qd5 47.g4 Qe5 48.Kg1 f4 49.Qd2 f3 50.Kf2 Qb2
51.Rc1 Qb6+ 52.Qe3  1/2-1/2

[Event "Oberliga Ost B9899"]
[Site "GER"]
[Date "1999.??.??"]
[Round "?"]
[White "Derichs, Roger"]
[Black "Jahn, Constanze"]
[Result "1/2-1/2"]
[WhiteElo "2275"]
[BlackElo "2140"]

1.d4 Nf6 2.c4 e6 3.Nc3 Bb4 4.Qc2 O-O 5.e4 d5 6.e5 Ne4 7.Bd3 c5 8.cxd5 exd5
9.Ne2 Nc6 10.O-O Nxd4 11.Nxd4 cxd4 12.Nxe4 dxe4 13.Bxe4 h6 14.Bf4 Qe7 15.Rad1 Rd8
16.Qe2 Be6 17.Bb1 Qh4 18.Bg3 Qg4 19.f3 Qg5 20.Bf2 Rac8 21.h4 Qe7 22.Qe4 g6
23.Qf4 Bc4 24.Bd3 Kg7 25.h5 Qg5 26.Qxg5 hxg5 27.hxg6 Bxd3 28.Rxd3 Kxg6 29.Rfd1 Ba5
30.Rxd4 Rxd4 31.Rxd4 Rc1+ 32.Kh2 Bc7 33.Bg3 Kf5 34.Rd7 Ke6 35.Rd2 Rc5 36.Kh3 Bxe5
37.Bxe5  1/2-1/2

[Event "DDMM (Women)"]
[Site "Germany"]
[Date "1999.??.??"]
[Round "4.1"]
[White "Kas Fromm, Rita"]
[Black "Eckhardt, Claudia"]
[Result "1/2-1/2"]
[WhiteElo "2225"]
[BlackElo "2150"]

1.d4 Nf6 2.c4 e6 3.Nc3 Bb4 4.Qc2 O-O 5.Bg5 d5 6.e3 Nbd7 7.cxd5 exd5 8.Bd3 h6
9.Bh4 Qe8 10.O-O-O c6 11.Nge2 Bxc3 12.Nxc3 b5 13.h3 Bb7 14.Kb1 b4 15.Na4 Ne4
16.f3 Nd6 17.Nc5 Nxc5 18.Qxc5 Qe6 19.Qxb4 a5 20.Qc5 a4 21.Rhe1 Nf5 22.Bf2 Ba6
23.e4 Bxd3+ 24.Rxd3 dxe4 25.fxe4 Ne7 26.Bg3 Rfd8 27.Rc3 Rd7 28.Qc4 Qg6 29.Be5 Qh5
30.Rf1 Rf8 31.Rcf3 Ng6 32.Qxc6 Nxe5 33.dxe5 Re7 34.Qxa4 Qxe5 35.Rf4 Rb8 36.Qc2 Rc7
37.Qf2 Rcb7 38.b3 Qc3 39.Qb2 Qd3+ 40.Ka1 Rc8 41.R4f2  1/2-1/2

[Event "Alfoeld Cup op"]
[Site "Hajduszoboszlo"]
[Date "1999.??.??"]
[Round "4"]
[White "Szelenyi, Norbert"]
[Black "Szarvas, Peter"]
[Result "0-1"]
[WhiteElo "2355"]
[BlackElo "2165"]

1.d4 Nf6 2.c4 e6 3.Nc3 Bb4 4.Qc2 O-O 5.a3 Bxc3+ 6.Qxc3 b6 7.Bg5 c5 8.dxc5 bxc5
9.e3 Nc6 10.Bd3 Qa5 11.Bxf6 gxf6 12.Ne2 Rb8 13.O-O-O Qxc3+ 14.Nxc3 f5 15.g4 fxg4
16.Rhg1 f5 17.h3 h5 18.f3 Ne5 19.Be2 Bb7 20.f4 Nf3 21.Bxf3 Bxf3 22.Rxd7 Rf7
23.Rxf7 Kxf7 24.h4 Bc6 25.Kc2 a5 26.b3 Rg8 27.Ne2 Be4+ 28.Kc1 Rb8 29.Kb2 Bd3
30.Nc1 Bxc4 31.Kc3 Bd5 32.Rg3 a4 33.bxa4 Ra8 34.Nd3 Rxa4 35.Kb2 c4 36.Ne5+ Ke7
37.Rg1 Ra6 38.Rg3 Rb6+ 39.Kc3 Rb3+ 40.Kd4 Rxa3 41.Rg1 c3 42.Ng6+ Kf6 43.Ne5 c2
44.Nd3 g3  0-1

[Event "Helsinki op"]
[Site "Helsinki"]
[Date "1999.??.??"]
[Round "2"]
[White "Yrjola, Jouni"]
[Black "Sorsa, Nuutti"]
[Result "0-1"]
[WhiteElo "2417"]
[BlackElo "2226"]

1.d4 Nf6 2.c4 e6 3.Nc3 Bb4 4.Qc2 O-O 5.e4 d5 6.e5 Ne4 7.Bd3 f5 8.exf6 Qxf6
9.Nf3 Qg6 10.Kf1 Bxc3 11.bxc3 Nd7 12.Be3 b6 13.cxd5 exd5 14.Re1 Ba6 15.c4 Rae8
16.Re2 Qc6 17.cxd5 Qxc2 18.Bxc2 Nc3  0-1

[Event "Helsinki We I HSK"]
[Site "Helsinki"]
[Date "1999.??.??"]
[Round "5"]
[White "Issakainen, Ari"]
[Black "Kiik, Kalle"]
[Result "0-1"]
[WhiteElo "2256"]
[BlackElo "2439"]

1.d4 Nf6 2.c4 e6 3.Nc3 Bb4 4.Qc2 O-O 5.e4 c5 6.dxc5 Nc6 7.Nf3 Bxc3+ 8.bxc3 Qa5
9.Rb1 Qxc5 10.Rb5 Qe7 11.e5 Ne8 12.Bd3 f5 13.exf6 Nxf6 14.Bg5 Qf7 15.Be3 d5
16.Ng5 Qh5 17.Be2 Qe8 18.Bc5 Ne7 19.O-O h6 20.Nf3 Ne4 21.Ba3 b6 22.Rbb1 Bb7
23.Nd4 Rf6 24.f3 Ng5 25.Bd3 dxc4 26.Bxc4 Nd5 27.Rbe1 Rc8 28.Qb3 Qd7 29.Bb5 Qc7
30.c4 Nf4 31.Qa4 e5 32.Nb3 Nxg2 33.Rd1 Ne3 34.h4 Nh3+ 35.Kh2 Nxf1+ 36.Rxf1 Nf4
37.Nd2 Rg6 38.Rg1 Rxg1 39.Kxg1 Qf7 40.Qc2 Ne2+ 41.Kf2 Nd4 42.Qd3 Nxb5 43.cxb5 Qxa2
44.Bb4 Qd5 45.Qg6 Qd4+  0-1

[Event "Hessen-ch int"]
[Site "Hessen"]
[Date "1999.??.??"]
[Round "1"]
[White "Struckenschneider, Martin"]
[Black "Seul, Georg"]
[Result "0-1"]
[WhiteElo "1865"]
[BlackElo "2445"]

1.d4 Nf6 2.c4 e6 3.Nc3 Bb4 4.Qc2 O-O 5.a3 Bxc3+ 6.Qxc3 b6 7.Bg5 Ba6 8.e3 d6
9.Nf3 Nbd7 10.Bd3 c5 11.O-O Rc8 12.dxc5 Nxc5 13.Bxf6 Qxf6 14.Qxf6 gxf6 15.Be2 Nb3
16.Rad1 d5 17.Nd4 Nxd4 18.Rxd4 Bxc4 19.Bxc4 Rxc4 20.Rxc4 dxc4 21.Rd1 Rc8
22.g3 c3 23.bxc3 Rxc3 24.a4 Ra3 25.Rd4 f5 26.Kg2 Kf8 27.Kf3 Ra2 28.h3 Ke7
29.g4 fxg4+ 30.hxg4 h6 31.Kg3 a5 32.f3 Rb2 33.Rc4 Kd6 34.Rf4 Rb4 35.Rxf7 Rxa4
36.f4 Ra1 37.Rf6 a4 38.f5 a3 39.Rxe6+ Kd7 40.Rxh6 a2 41.Rh7+ Kd6 42.Ra7 Rg1+
43.Kf4 a1=Q 44.Rxa1 Rxa1 45.g5 Rf1+ 46.Ke4 b5  0-1

[Event "HUN-chT9899"]
[Site "HUN"]
[Date "1999.??.??"]
[Round "?"]
[White "Chernin, Alexander"]
[Black "Kiss, Attila"]
[Result "1-0"]
[WhiteElo "2610"]
[BlackElo "2340"]

1.d4 Nf6 2.c4 e6 3.Nc3 Bb4 4.Qc2 O-O 5.a3 Bxc3+ 6.Qxc3 b6 7.Bg5 Bb7 8.f3 d5
9.cxd5 exd5 10.e3 Nbd7 11.Bd3 h6 12.Bh4 c5 13.Bf5 Qe8 14.Rd1 a5 15.Ne2 Ba6
16.Kf2 Bxe2 17.Kxe2 c4 18.a4 b5 19.axb5 Qb8 20.Ra1 Qxb5 21.Ra2 Rfb8 22.Rha1 Rb7
23.Bc2 Rba7 24.Ba4 Qb6 25.Kf1 Nb8 26.Be1 Ra6 27.Ra3 R8a7 28.Kg1 Rb7 29.b3 Rc7
30.bxc4 Rxc4 31.Qb3 Nc6 32.Bb5 a4 33.Qb1 Rc1 34.Qxc1 Qxb5 35.Rb1 Qc4 36.Rc3 Qa2
37.Rb2  1-0

[Event "HUN-chT9899"]
[Site "HUN"]
[Date "1999.??.??"]
[Round "?"]
[White "Hera, Imre Jr"]
[Black "Horvath, Csaba"]
[Result "0-1"]
[WhiteElo "2345"]
[BlackElo "2540"]

1.d4 Nf6 2.c4 e6 3.Nc3 Bb4 4.Qc2 O-O 5.a3 Bxc3+ 6.Qxc3 d6 7.Bg5 Nbd7 8.Nf3 h6
9.Bxf6 Nxf6 10.e3 b6 11.Be2 c5 12.O-O Bb7 13.b4 Rc8 14.Rfd1 Qe7 15.Rac1 Rc7
16.Qc2 Rfc8 17.dxc5 dxc5 18.b5 Nd7 19.Qd2 f5 20.Ne1 Ne5 21.Qc3 Nf7 22.Bf3 Rd8
23.Rxd8+ Qxd8 24.Rd1 Rd7 25.Rxd7 Qxd7 26.Bxb7 Qxb7 27.f3 e5 28.a4 e4 29.f4 Qd7
30.Kf2 Qd8 31.g3 Kh7 32.Ke2 Qe8 33.Kd2 Nd6 34.Kc2 Qh5 35.h4 Qe2+ 36.Kb3 Nb7
37.Nc2 Na5+ 38.Kb2 Nxc4+ 39.Kb3 Nd2+ 40.Kb2  0-1

[Event "HUN-chT29899"]
[Site "HUN"]
[Date "1999.??.??"]
[Round "?"]
[White "Molnar, Laszlo"]
[Black "Egri, Laszlo"]
[Result "1/2-1/2"]
[WhiteElo "2290"]
[BlackElo "2150"]

1.d4 Nf6 2.c4 e6 3.Nc3 Bb4 4.Qc2 O-O 5.Nf3 c5 6.dxc5 Na6 7.a3 Bxc3+ 8.Qxc3 Nxc5
9.b4 Nce4 10.Qd4 d5 11.Bb2 dxc4 12.Qxc4 Bd7 13.e3 Rc8 14.Qd4 Bc6 15.Be2 Qxd4
16.Bxd4 a6 17.Ne5 Bd5 18.f3 Nc3 19.Bd3 Na4 20.Kd2 Rfd8 21.Rhc1 Rxc1 22.Rxc1 Ne8
23.Bc2 f6 24.Bxa4 fxe5 25.Bb6 Rd6 26.Bc5 Rd8 27.Be7 Ra8 28.e4 Kf7 29.Bh4 b5
30.exd5 bxa4 31.dxe6+ Kxe6 32.Rc6+ Kd7 33.Rc5 Nd6 34.Bg3 Rc8 35.Kd3 Rxc5
36.bxc5 Nb5 37.Bxe5 Nxa3 38.Bxg7 Kc6 39.f4 Nb5 40.f5 Kd5 41.f6 Ke6 42.Kc4 a3
43.Kb3 Kf7 44.g4 Nd4+ 45.Kxa3 Ne6 46.c6 Nd4 47.Kb4 Nxc6+ 48.Kc5 Ne5 49.h3 Nd7+
50.Kb4 Nxf6 51.Bh6 Kg6 52.Bd2 Ne4 53.Be3  1/2-1/2

[Event "HUN-chT9899"]
[Site "HUN"]
[Date "1999.??.??"]
[Round "?"]
[White "Zimmerman, Yuri"]
[Black "Lukacs, Peter"]
[Result "1/2-1/2"]
[WhiteElo "2340"]
[BlackElo "2475"]

1.d4 Nf6 2.c4 e6 3.Nc3 Bb4 4.Qc2 O-O 5.e4 d5 6.e5 Ne4 7.Bd3 c5 8.a3 Ba5 9.Bxe4 dxe4
10.dxc5 Nc6 11.b4 Bc7 12.Nxe4 Nxe5 13.Be3 f5 14.Rd1 Qh4 15.Nd6 Bxd6 16.cxd6 Nxc4
17.Qc3 b5 18.Nf3 Qg4 19.h3 Qg6 20.O-O Bb7 21.Bc5  1/2-1/2

[Event "HUN-chT29899"]
[Site "HUN"]
[Date "1999.??.??"]
[Round "?"]
[White "Pacsay, Laszlo"]
[Black "Markus, Robert"]
[Result "0-1"]
[WhiteElo "2275"]
[BlackElo "2270"]

1.d4 Nf6 2.c4 e6 3.Nc3 Bb4 4.Qc2 O-O 5.Nf3 d6 6.Bg5 h6 7.Bh4 Qe7 8.a3 Bxc3+
9.Qxc3 Nbd7 10.e3 b6 11.Be2 Bb7 12.O-O g5 13.Bg3 Ne4 14.Qc2 f5 15.d5 e5 16.Ne1 Ndf6
17.f3 Nxg3 18.hxg3 Bc8 19.f4 Bd7 20.fxg5 hxg5 21.Rxf5 Bxf5 22.Qxf5 Qg7 23.Nf3 Rae8
24.Qxg5 Ne4 25.Qxg7+ Kxg7 26.g4 Rh8 27.Re1 Ng3 28.Kf2 Nxe2 29.Rxe2 Rh1 30.Rc2 Rb1
31.Ke2 Rh8 32.Kd2 Kg6 33.Kc3 Rhh1 34.Kb3 Rbc1 35.Re2 Rhd1 36.Kb4 Rd3 37.Ne1 a5+
38.Ka4 Rxc4+ 39.b4 Rxd5 40.Kb3 Rxg4  0-1

[Event "Godal mem"]
[Site "HUN"]
[Date "1999.??.??"]
[Round "6"]
[White "Daroczy, Sandor"]
[Black "Pap, Janos"]
[Result "0-1"]
[WhiteElo "2030"]
[BlackElo "2145"]

1.d4 Nf6 2.c4 e6 3.Nc3 Bb4 4.Qc2 O-O 5.e3 c5 6.Ne2 Nc6 7.Bd2 cxd4 8.exd4 d5
9.cxd5 Nxd5 10.a3 Be7 11.Nxd5 Qxd5 12.Nf4 Qxd4 13.Be3 Qe5 14.Rd1 Rd8 15.Rxd8+ Bxd8
16.Be2 Nd4 17.Qd2 Bb6 18.Nd3 Qf6 19.h4 e5 20.Nb4 Qg6 21.Kf1 Qb1+ 22.Bd1 Bg4
23.f3 Nxf3 24.gxf3 Bxe3 25.Qe2 Rd8 26.Kg2 Rd2 27.Qxd2 Bxd2 28.fxg4 Bxb4 29.axb4 Qxb2+
30.Kg3 Qc3+ 31.Kg2 Qxb4 32.Bf3 Qd2+ 33.Kg3 Qf4+ 34.Kg2 e4  0-1

[Event "Jesenik op"]
[Site "Jesenik"]
[Date "1999.??.??"]
[Round "?"]
[White "Bazant, Petr Jr"]
[Black "Trombik, Karel"]
[Result "1-0"]
[WhiteElo "2147"]
[BlackElo "2182"]

1.d4 Nf6 2.c4 e6 3.Nc3 Bb4 4.Qc2 O-O 5.Bg5 d6 6.Nf3 Nbd7 7.a3 Bxc3+ 8.Qxc3 Re8
9.e3 h6 10.Bh4 Qe7 11.Bd3 e5 12.Bc2 c6 13.O-O e4 14.Nd2 d5 15.cxd5 cxd5 16.Ba4 Qe6
17.Rfc1 a6 18.Qc7 b5 19.Bd1 Rb8 20.Nb3 Bb7 21.Bxf6 Rec8 22.Qf4 Nxf6 23.Nc5 Qe8
24.b4 Rc6 25.a4 Rbc8 26.a5 Qe7 27.Bg4 Rd8 28.h3 h5 29.Be2 g6 30.Qg5 Qd6 31.Rc3 Kg7
32.Rac1 Nh7 33.Qh4 Qf8 34.g4 hxg4 35.Ne6+  1-0

[Event "Lenk op"]
[Site "Lenk"]
[Date "1999.??.??"]
[Round "4"]
[White "Kelecevic, Nedeljko"]
[Black "Schlichtmann, Gisbert"]
[Result "1-0"]
[WhiteElo "2425"]
[BlackElo "2217"]

1.d4 Nf6 2.c4 e6 3.Nc3 Bb4 4.Qc2 O-O 5.Bg5 c5 6.dxc5 Na6 7.Nf3 Nxc5 8.Nd2 b6
9.f3 Bb7 10.e4 Bxc3 11.bxc3 Qc7 12.Be2 Rac8 13.Bxf6 gxf6 14.O-O Qf4 15.Rf2 Kh8
16.Nb3 Rg8 17.Bf1 Ba6 18.Rd1 Rgd8 19.Rfd2 Rc7 20.Kh1 Qe5 21.Rd4 Kg7 22.Qd2 h5
23.f4 Nxb3 24.axb3 Qc5 25.Qf2 b5 26.b4 Qc6 27.Rd6 Qb7 28.e5  1-0

[Event "Lenk op"]
[Site "Lenk"]
[Date "1999.??.??"]
[Round "5"]
[White "Mariano, Elia"]
[Black "Meyer, Harvey"]
[Result "1-0"]
[WhiteElo "2254"]
[BlackElo "2139"]

1.d4 Nf6 2.c4 e6 3.Nc3 Bb4 4.Qc2 O-O 5.a3 Bxc3+ 6.Qxc3 b6 7.Bg5 Bb7 8.Nf3 d6
9.e3 Nbd7 10.Bd3 c5 11.O-O Rc8 12.Rac1 cxd4 13.Nxd4 Ne5 14.Rfd1 Nxd3 15.Qxd3 Rc5
16.Bh4 Rh5 17.Bg3 Qa8 18.Qf1 Ne4 19.Nb5 Nxg3 20.hxg3 f5 21.Rxd6 Rf6 22.Qd1 Rfh6
23.Rd8+ Kf7 24.Qxh5+ Rxh5 25.Rxa8 Bxa8 26.Nxa7 e5 27.Rd1 Ke6 28.Nc8  1-0

[Event "South Wales 3rd"]
[Site "Newport"]
[Date "1999.??.??"]
[Round "2"]
[White "Dunworth, Christopher"]
[Black "Marusenko, Petr"]
[Result "1/2-1/2"]
[WhiteElo "2305"]
[BlackElo "2405"]

1.d4 Nf6 2.c4 e6 3.Nc3 Bb4 4.Qc2 O-O 5.a3 Bxc3+ 6.Qxc3 b5 7.cxb5 c6 8.Bg5 cxb5
9.e3 Bb7 10.Nf3 h6 11.Bxf6 Qxf6 12.Qc7 Be4 13.Be2 Nc6 14.O-O Rac8 15.Qd6 Na5
16.Nd2 Bd5 17.Rfc1 Qg6 18.Qg3 Qxg3 19.hxg3 Nc4 20.Bxc4 Bxc4 21.Rc3 Bd5 22.Rac1 Bb7
23.Rc7 Rxc7 24.Rxc7 Bc6 25.Nb3 Bd5 26.Nc5 d6 27.Nb7 Bxb7 28.Rxb7 a6 29.Rc7 d5
30.g4 Rb8 31.b4 a5 32.Kh2 axb4 33.axb4 g6 34.Kg3 Kg7 35.Kf4 Kf6 36.Rc5 Rb7
37.f3 g5+ 38.Kg3 Kg6 39.Kf2 Kf6 40.Ke2 Ke7 41.Kd3 Kd6 42.e4 Rb8 43.g3 Ra8
44.e5+ Kd7 45.Rxb5 Ra3+ 46.Ke2 Ra2+ 47.Ke3 Ra3+ 48.Ke2 Ra2+ 49.Ke3  1/2-1/2

[Event "Staufer-Open 11th"]
[Site "Schwaebisch Gmuend"]
[Date "1999.??.??"]
[Round "6"]
[White "Lentrodt, Thomas"]
[Black "Dgebuadze, Alexandre"]
[Result "1/2-1/2"]
[WhiteElo "2295"]
[BlackElo "2505"]

1.d4 e6 2.c4 Nf6 3.Nc3 Bb4 4.Qc2 O-O 5.a3 Bxc3+ 6.Qxc3 b6 7.Bg5 Bb7 8.Nf3 d6
9.e3 Nbd7 10.Be2 Qe8 11.Bxf6 Nxf6 12.O-O Ne4 13.Qc2 f5 14.Nd2 Qg6 15.f3 Nf6
16.Bd3 Qg5 17.Rae1 Rae8 18.e4 Nh5 19.e5 dxe5 20.Rxe5 c5 21.Rfe1 Nf4 22.g3 cxd4
23.Bxf5 g6 24.Bxe6+ Rxe6 25.Rxe6 Nxe6 26.Rxe6 Bxf3 27.Nxf3 Rxf3 28.Qe2 Rf7
29.Re8+ Kg7 30.Qe5+ Qxe5 31.Rxe5 Rd7 32.Kf2 Kf8 33.Re4 d3 34.Ke1 d2+ 35.Kd1 h5
36.Re2 Rd4 37.Rxd2 Rxc4 38.Rd7 Ra4 39.Rd6  1/2-1/2

[Event "Sportland-NRW-Cup"]
[Site "Senden"]
[Date "1999.??.??"]
[Round "2"]
[White "Meier, Jan"]
[Black "Richter, Michael"]
[Result "0-1"]
[WhiteElo "1750"]
[BlackElo "2410"]

1.d4 Nf6 2.c4 e6 3.Nc3 Bb4 4.Qc2 O-O 5.Nf3 b6 6.Bg5 Bb7 7.e3 h6 8.Bh4 d6
9.h3 g5 10.Bg3 Ne4 11.Bh2 f5 12.Nd2 Bxc3 13.bxc3 Nd7 14.f3 Nxd2 15.Qxd2 e5
16.d5 Nc5 17.Be2 Qd7 18.O-O a5 19.f4 Rae8 20.fxg5 hxg5 21.g4 f4 22.Qc2 Qh7
23.Qxh7+ Kxh7 24.Rad1 Kh6 25.h4 Ne4 26.hxg5+ Kxg5 27.exf4+ exf4 28.Rd4 Nxc3
29.Bd3 f3 30.Bg3 Bc8 31.Be1 Rxe1  0-1

[Event "White Nights (Women)"]
[Site "St Petersburg"]
[Date "1999.??.??"]
[Round "8"]
[White "Kostiuk, Tatiana"]
[Black "Rakitskaja, M."]
[Result "1-0"]
[WhiteElo "2175"]
[BlackElo "2201"]

1.d4 Nf6 2.c4 e6 3.Nc3 Bb4 4.Qc2 O-O 5.Nf3 c5 6.a3 Qa5 7.Bd2 Na6 8.Rd1 Bxc3
9.Bxc3 Qd8 10.dxc5 Nxc5 11.Ng5 g6 12.b4 Ne8 13.h4 Na6 14.Nxh7 Kxh7 15.h5 f5
16.hxg6+ Kxg6 17.Rd3 Nf6 18.g4 d6 19.gxf5+ exf5 20.Rg3+ Kf7 21.Rh6 Ke8 22.Bxf6 Qxf6
23.Rxf6 Rxf6 24.Bg2 Nc7 25.Rg7 Ne6 26.Bxb7 Nxg7 27.Bxa8 Bd7 28.Qc3 Ke7 29.Qe3+ Ne6
30.Qxa7 Nd8 31.Bd5 Rg6 32.Kd2 Rg7 33.b5 Kf8 34.Qb8 Ke7 35.a4 f4 36.a5  1-0

[Event "Sutton op"]
[Site "Sutton"]
[Date "1999.??.??"]
[Round "5"]
[White "Broomfield, Matthew"]
[Black "Phillips, Roy"]
[Result "1/2-1/2"]
[WhiteElo "2122"]
[BlackElo "2245"]

1.d4 Nf6 2.c4 e6 3.Nc3 Bb4 4.Qc2 O-O 5.Bg5 c5 6.e3 h6 7.Bh4 cxd4 8.exd4 Nc6
9.Nf3 d5 10.Rd1 Be7 11.Be2 b6 12.b3 Bb7 13.O-O Rc8 14.Ne5 dxc4 15.Nxc6 Rxc6
16.bxc4 Rd6 17.Qd3 Qa8 18.f3 Rxd4 19.Qxd4 Bc5 20.Qxc5 bxc5 21.Bf2 Qc8 22.Nb5 a6
23.Nd6 Qc6 24.Nxb7 Qxb7 25.Bxc5 Re8 26.Be3  1/2-1/2

[Event "SVK-chT1E 9899"]
[Site "SVK"]
[Date "1999.??.??"]
[Round "5"]
[White "Lisko, Frantisek"]
[Black "Tibensky, Robert"]
[Result "1/2-1/2"]
[WhiteElo "2315"]
[BlackElo "2435"]

1.d4 Nf6 2.c4 e6 3.Nc3 Bb4 4.Qc2 O-O 5.a3 Bxc3+ 6.Qxc3 Ne4 7.Qc2 f5 8.Be3 b6
9.g4 Bb7 10.Bg2 d5 11.gxf5 exf5 12.cxd5 Bxd5  1/2-1/2

[Event "SVK-chT 9899"]
[Site "SVK"]
[Date "1999.??.??"]
[Round "7"]
[White "Djubek, Boris"]
[Black "Franzen, Jozef"]
[Result "1/2-1/2"]
[WhiteElo "2215"]
[BlackElo "2320"]

1.d4 Nf6 2.c4 e6 3.Nc3 Bb4 4.Qc2 O-O 5.Nf3 b6 6.g3 Bb7 7.Bg2 c5 8.O-O Na6
9.Bg5 Bxc3 10.bxc3 Be4 11.Qa4 Nb8 12.dxc5 bxc5 13.Ne5 Bxg2 14.Kxg2 d6 15.Ng4 Qd7
16.Qxd7 Nbxd7 17.Bxf6 Nxf6 18.Nxf6+ gxf6 19.Rab1 Rfc8 20.Rb7 Rc6 21.Rfb1 Ra6
22.Rd7 Rxa2 23.Rbb7 Rf8 24.Rxa7 Rxa7 25.Rxa7 Rb8 26.Ra3  1/2-1/2